Detalles MARC
| 000 -LÍDER |
| Campo fijo de descripción fija |
01727nam a2200289 i 4500 |
| 001 - NÚMERO DE CONTROL |
| Campo de control |
768714001 |
| 003 - IDENTIFICADOR DEL NÚMERO DE CONTROL |
| Campo de control |
CO-MdFUSB |
| 005 - FECHA Y HORA DE LA ULTIMA TRANSACCIÓN |
| control field |
20240723160847.0 |
| 007 - CAMPO FIJO DE DESCRIPCIÓN FIJA--INFORMACIÓN GENERAL |
| Campo fijo de descripción fija |
ta |
| 008 - ELEMENTOS DE LONGITUD FIJA -- INFORMACIÓN GENERAL |
| Campo fijo de descripción fija -- Información general |
240723b |||||||| |||| 00| 0 eng d |
| 040 ## - FUENTE DE CATALOGACIÓN |
| Agencia de catalogación original |
CO-MdFUSB |
| Idioma de catalogación |
spa |
| Agencia que realiza la transcripción |
CO-MdFUSB |
| Agencia que realiza la modificación |
CO-MdFUSBC |
| Convenciones de la descripción |
rda |
| 041 ## - CÓDIGO DE IDIOMA |
| Código de idioma para texto/pista de sonido o título separado |
spa |
| 082 ## - NÚMERO DE CLASIFICACIÓN DECIMAL DEWEY |
| Número de la edición del Dewey |
23 |
| Número de clasificación |
238.11 |
| Clave de autor-Numero de item |
J61 |
| 100 ## - ASIENTO PRINCIPAL--NOMBRE PERSONAL |
| Nombre personal |
Jiménez, Óscar, |
| Término relacionador |
autor |
| 245 1# - TÍTULO |
| Título del Material |
¿En qué creemos? |
| Parte restante del título - Subtitulo |
: conociendo las verdades que definen y sostienen nuestra fe. |
| Mención de responsabilidad, etc. |
/ Oscar Jiménez |
| 264 #1 - PRODUCCIÓN, PUBLICACIÓN, DISTRIBUCIÓN, MANUFACTURA, Y COPYRIGHT |
| Lugar de producción, publicación, distribución, manufactura |
Colombia : |
| Nombre del productor, publicador, distribuidor |
Independently Published, |
| Fecha de producción, publicación, distribución, manufactura, o copyright |
[2021] |
| 264 #1 - PRODUCCIÓN, PUBLICACIÓN, DISTRIBUCIÓN, MANUFACTURA, Y COPYRIGHT |
| Fecha de producción, publicación, distribución, manufactura, o copyright |
©2021 |
| 300 ## - DESCRIPCIÓN FÍSICA |
| Extensión |
154 páginas |
| Dimensiones |
; 23 cm. |
| 336 ## - TIPO DE CONTENIDO |
| Fuente |
rdacontent |
| Término de tipo de contenido |
texto |
| Código de tipo de contenido |
txt |
| 337 ## - TIPO DE MEDIO |
| Fuente |
rdamedia |
| Nombre del tipo de medio |
sin mediación |
| Código del tipo de medio |
n |
| 338 ## - TIPO DE SOPORTE |
| Fuente |
rdacarrier |
| Nombre del tipo de soporte |
volumen |
| Código Tipo de soporte |
nc |
| 505 ## - NOTA DE CONTENIDO |
| Información miscelánea |
Capítulo 1 |
| Título |
Creo en |
| Nota de contenido con formato preestablecido |
CAPÍTULO 2 |
| Información miscelánea |
Creo en Dios, padre, Todopoderoso, creador del cielo y de la tierra |
| -- |
CAPÍTULO 3<br/><br/> |
| Título |
Creo en Jesucristo, su único Hijo, nuestro señor |
| Información miscelánea |
CAPÍTULO 4<br/><br/> |
| Título |
Creo que fue concebido por el Espíritu Santo, nacido de la virgen María |
| Información miscelánea |
CAPÍTULO 5<br/> |
| Título |
Creo que padeció bajo el poder de poncio Pilato; sufrió, fue crucificado, fue muerto y sepultado<br/> |
| Información miscelánea |
CAPÍTULO 6<br/> |
| Título |
Creo que descendió al hades y al tercer día resucitó de entre los muertos |
| Información miscelánea |
CAPÍTULO 7<br/> |
| Título |
Creo que ascendió al cielo y está sentado a la derecha de Dios padre, Todopoderoso |
| Información miscelánea |
CAPÍTULO 8<br/> |
| Título |
Creo que juzgará a los vivos y a los muertos |
| Información miscelánea |
CAPÍTULO 09<br/> |
| Título |
Creo en el Espíritu Santo<br/> |
| Información miscelánea |
CAPÍTULO 10<br/> |
| Título |
Creo en la iglesia universal y la comunión de todos los santos<br/> |
| Información miscelánea |
CAPÍTULO 11<br/> |
| Título |
Creo en el perdón de pecados |
| Información miscelánea |
CAPITULO 12<br/> |
| Título |
Creo en la resurrección del cuerpo |
| Información miscelánea |
CAPÍTULO 13<br/> |
| Título |
Creo en La vida eterna |
| 563 ## - NOTA DE ENCUADERNACIÓN |
| Nota de encuadernación |
Rústico |
| 650 #0 - ASIENTO SECUNDARIO DE MATERIA - TERMINO TEMÁTICO |
| Término temático o nombre geográfico como elemento de entrada |
Credos |
| 9 (RLIN) |
683 |
| 942 ## - TIPO DE MATERIAL (KOHA) |
| Tipo de Item KOHA |
Libros General |
| 945 ## - INFORMACIÓN LOCAL DEL REGISTRO |
| Catalogador |
Astrid |